L'anneau de la morte (Record no. 161431)

MARC details
000 -LEADER
campo de control de longitud fija 00689nam a2200181 i 4500
001 - NÚMERO DE CONTROL
campo de control 161431
003 - IDENTIFICADOR DE NÚMERO DE CONTROL
campo de control ES-MaACL
005 - FECHA Y HORA DE LA ÚLTIMA TRANSACCIÓN
campo de control 20250907063122.0
008 - DATOS DE LONGITUD FIJA--INFORMACIÓN GENERAL
campo de control de longitud fija 041021s1897 fr |||| | fre d
040 ## - FUENTE DE CATALOGACIÓN
Centro catalogador/agencia de origen CAM
Lengua de catalogación spa
Centro/agencia transcriptor CAM
100 1# - ENTRADA PRINCIPAL--NOMBRE DE PERSONA
Nombre de persona Paris, Gaston,
Fechas asociadas al nombre 1839-1903
9 (RLIN) 89136
245 12 - MENCIÓN DEL TÍTULO
Título L'anneau de la morte
Resto del título : histoire d'une légende /
Mención de responsabilidad, etc. par Gaston Paris.
260 ## - PUBLICACIÓN, DISTRIBUCIÓN, ETC.
Lugar de publicación, distribución, etc. Paris :
Nombre del editor, distribuidor, etc. Émile Bouillon, éditeur,
Fecha de publicación, distribución, etc. 1897 (
Fabricante Imprimerie Nationale)
300 ## - DESCRIPCIÓN FÍSICA
Extensión 22 p. ;
Dimensiones 28 cm.
500 ## - NOTA GENERAL
Nota general Extrait du Journal des Savants- Novembre-Décembre 1896.
852 ## - LOCALIZACIÓN
Ubicación ES-MaACL
Número de control de estantería T-1070-F-8
Nota libre -- Enc. hol. conservando la cub. original
-- -- Enc. en un vol. facticio
Holdings
Estatus retirado Estado de pérdida Estado de daño No para préstamo Colección Biblioteca de origen Biblioteca actual Ubicación en estantería Fecha de adquisición Total de préstamos Signatura topográfica completa Código de barras Visto por última vez Precio de reemplazo Tipo de ítem Koha
        Colección de folletos Biblioteca del Ateneo de Madrid Biblioteca del Ateneo de Madrid Depósito folletos 17/01/2008   T-1070-F-8 1169095 23/02/2023 23/02/2023 Folleto